Le quinziéme siécle: de Van Eyck a Boticelli

Kaydedildi:
Detaylı Bibliyografya
Yazar: Lassaigne, Jacques (Yazar)
Diğer Yazarlar: Argán, Giulio Carlo (autor)
Materyal Türü: Kitap
Dil:Fransızca
Baskı/Yayın Bilgisi: Ginebra Skira 1955
Seri Bilgileri:Les Grands Siecles de la Peinture
Konular:
Etiketler: Etiketle
Etiket eklenmemiş, İlk siz ekleyin!

MARC

LEADER 00000nam a2200000 a 4500
001 UCV9665
003 CL-VaPUC
008 930115e19550000SZ |||||||||||||||||fre|d
082 0 4 |a 759.03  |b LAS  |2 21 
100 |a Lassaigne, Jacques  |e author  |9 455816 
700 |a Argán, Giulio Carlo  |e autor  |9 302784 
245 1 3 |a Le quinziéme siécle: de Van Eyck a Boticelli 
300 |a 235 p 
942 |c BK 
945 |d 19930115 00:00:00 
260 |a Ginebra  |b Skira  |c 1955 
650 0 |a Pintura renacentista  |9 266314 
650 0 |a Obras ilustradas  |9 265022 
583 |a last modification  |c 19930115 00:00:00  |k Rodrigo Vera 
490 0 |a Les Grands Siecles de la Peinture 
999 |c 214967  |d 214965 
952 |0 0  |1 0  |4 0  |6 759_030000000000000_LAS_1955  |7 0  |8 A  |9 198841  |a BIBARQ  |b BIBARQ  |d 2019-11-14  |i 2662175  |o 759.03 LAS 1955  |p 2662175  |r 2025-01-20  |w 2019-11-14  |y BK  |k ARQ